00560 2200205 4500001002100000005001500021035002000036007000300056008004100059020001400100082000800114084001600122100001500138245007000153250001300223260005200236300003000288600001500318856002100333INLIS00000000000651520211013102541 a0010-1021000148ta211013 0  a0216-0901 a615 aR 615 AZN p0 aAznan Lelo1 aPengkajian Farmakologi terhadap Uji Kepekaan Sputum /cAznan Lelo aNomor 12 aJakarta :bJurnal Kedokteran dan Farmasi,c1989 a79 hlm :bIlus ;c27.5 cm 4aKedokteran aJurnal Kesehatan